Music Quiz

Random Music or Musical Quiz

Musicals Songs by Lyrics Quiz Stats

 Plays Quiz Updated Jul 11, 2019

Score 0/18 Timer 07:00
0 Plays Today
Lyric Song % Correct
But now there's nowhere to hide, since you pushed my love asideHopelessly Devoted to You
63.1%
Just one look and I can hear a bell ringMamma Mia
61.3%
I could have spread my wings and done a thousand things I've never done beforeI Could Have Danced All Night
55.9%
Totally unprepared am I to face a world of menSixteen Going On Seventeen
53.8%
Every streetlamp seems to beat a fatalistic warningMemory
47.4%
I was lost 'til I heard the drums then I found my wayYou Can't Stop The Beat
46.9%
There is a room that's full of toys. There are a hundred boys and girlsCastle on a Cloud
44.2%
What good is sitting alone in your room?Cabaret
38.1%
Don't dream too far, don't lose sight of who you areI'm Not That Girl
36%
Lyric Song % Correct
Who says that murder's not an art?Roxie
31.9%
Good looking, so refined, wouldn't you like to know what's going on in my mindBig Spender
31.7%
The road was long but I ran itDammit Janet
29.3%
Then again they don't commit sins of the flesh, so it's pretty freshA Little Priest
21%
And I dug right down to the bottom of my soul to see what I had insideNothing
19%
God knows, God knows I've fallen in loveI Want To Break Free
15.6%
In a class above the rest it even went well with his vestJoseph's Coat
14.3%
No-one in your life is with you constantlyI Know Him So Well
14%
Who is this girl in a rusty bed? Why am I back in her filthy room?Why God Why
7.6%

You're not logged in!

Compare scores with friends on all Sporcle quizzes.
OR
Log In

Sporcle TV

Today on Sporcle TV


Watch our educational content, quiz creation guides, and fun videos on Sporcle TV.

Show Comments

Extras

Top Quizzes Today


Score Distribution

Your Account Isn't Verified!

In order to create a playlist on Sporcle, you need to verify the email address you used during registration. Go to your Sporcle Settings to finish the process.

Report this User

Report this user for behavior that violates our Community Guidelines.

Details: